Plant hormones: physiology, biochemistry and molecular biology
Saved in:
| Hovedforfatter: | |
|---|---|
| Format: | Bog |
| Sprog: | engelsk |
| Udgivet: |
Dordrecht, Alemania
Kluwer Academic Publishers
1995
|
| Fag: | |
| Tags: |
Tilføj Tag
Ingen Tags, Vær først til at tagge denne postø!
|
MARC
| LEADER | 00000nam a2200000 a 4500 | ||
|---|---|---|---|
| 001 | UCP1201 | ||
| 003 | CL-VaPUC | ||
| 005 | 20250224164158.0 | ||
| 008 | 990401e19950000ne |||||||||||||||||eng|d | ||
| 999 | |c 279908 |d 279906 | ||
| 040 | |c Pontificia Universidad Católica de Valparaíso | ||
| 082 | 0 | 4 | |a 581.183 DAV 1995 |2 21 |
| 100 | 0 | |a Davies, Peter J |9 427124 | |
| 245 | 1 | 0 | |a Plant hormones: physiology, biochemistry and molecular biology |
| 260 | 0 | 3 | |a Dordrecht, Alemania |b Kluwer Academic Publishers |c 1995 |
| 300 | |a 833 páginas | ||
| 583 | |a last modification |c 20180328 10:24:57 |k Rodrigo Vera | ||
| 650 | 0 | |a Fisiología vegetal |9 260158 | |
| 650 | 0 | |a Propagación de plantas |9 339631 | |
| 650 | 0 | |a Hormonas vegetales |9 264717 | |
| 650 | 7 | |a CULTIVO CELULAR |2 CL-VaPUC |9 427125 | |
| 650 | 0 | |a Genética vegetal |9 264341 | |
| 650 | 0 | |a Biotecnología |9 259561 | |
| 650 | 0 | |a Crecimiento de las plantas |9 334405 | |
| 650 | 0 | |a Metabolismo vegetal |9 333115 | |
| 942 | |c BK |2 ddc | ||
| 945 | |d 19990401 00:00:00 |a rbrito | ||
| 952 | |0 0 |1 0 |2 ddc |4 0 |6 581_183000000000000_DAV_1995 |7 0 |8 A |9 319809 |a BIBCUR |b BIBCUR |d 2019-11-20 |i 3506312 |o 581.183 DAV 1995 |p 3506312 |r 2025-04-22 |t 1 |w 2019-11-20 |y BK |k BIO | ||
| 952 | |0 0 |1 0 |2 ddc |4 0 |6 581_183000000000000_DAV_1995 |7 0 |8 A |9 319810 |a BIBAGR |b BIBAGR |d 2019-11-20 |i 3619591 |o 581.183 DAV 1995 |p 3619591 |r 2025-01-20 |t 2 |w 2019-11-20 |y BK |k AGR | ||
| 952 | |0 0 |1 0 |2 ddc |4 0 |6 581_183000000000000_DAV_1995 |7 0 |8 A |9 319811 |a BIBAGR |b BIBAGR |d 2019-11-20 |i 3619605 |o 581.183 DAV 1995 |p 3619605 |r 2025-01-20 |t 3 |w 2019-11-20 |y BK |k AGR | ||